That crazy American music.

Bibliographic Details
Main Author: Paul, Elliot, 1891-1958
Format: Book
Language:English
Published: Indianapolis : Bobbs-Merrill, [1957]
Subjects:

MARC

Tag First Indicator Second Indicator Subfields
LEADER 00000cam a2200000 4500
001 in00000029331
005 20151007061456.0
008 730424s1957 inu 00000 eng u
010 |a  57009354  
035 |a (OCoLC)00608531 
035 |9 AAD2197AM 
040 |c URB  |d TXA  |d UtOrBLW 
049 |a TXAM  |c [287307] 
050 0 0 |a ML3561.J3  |b P4 1957a 
092 |a 780.973  |b P324t 
100 1 |a Paul, Elliot,  |d 1891-1958. 
245 1 0 |a That crazy American music. 
264 1 |a Indianapolis :  |b Bobbs-Merrill,  |c [1957] 
300 |a 317 pages ;  |c 22 cm. 
336 |a text  |b txt  |2 rdacontent 
337 |a unmediated  |b n  |2 rdamedia 
338 |a volume  |b nc  |2 rdacarrier 
500 |a London edition (F. Muller) has title: That crazy music; the story of Noth American jazz. 
650 0 |a Jazz. 
999 |a MARS 
999 f f |s 7cd974b0-9758-3ff8-bd05-c5d90c4346d0  |i a2a4ce20-c2f5-3b48-bf24-d75f9d30a4f7  |t 0 
952 f f |p ric  |a Texas A&M University  |b Rellis Campus  |c Joint Library Facility  |d Remote Storage  |t 0  |e ML3561.J3 P4 1957a  |h Library of Congress classification  |i unmediated -- volume  |m A14843293664 
998 f f |a ML3561.J3 P4 1957a  |t 0  |l Remote Storage